Constellations of violence: (Record no. 11427)
[ view plain ]
| 000 -LEADER | |
|---|---|
| fixed length control field | 00762 a2200205 4500 |
| 010 ## - LIBRARY OF CONGRESS CONTROL NUMBER | |
| LC control number | ENG-89820 |
| 020 ## - INTERNATIONAL STANDARD BOOK NUMBER | |
| International Standard Book Number | 8188965421 |
| Terms of availability | 400.00 |
| 035 ## - SYSTEM CONTROL NUMBER | |
| System control number | EN-73353 |
| 037 ## - SOURCE OF ACQUISITION | |
| Source of stock number/acquisition | DBAD / PUB |
| 082 14 - DEWEY DECIMAL CLASSIFICATION NUMBER | |
| Classification number | 305.42 |
| 090 ## - LOCALLY ASSIGNED LC-TYPE CALL NUMBER (OCLC); LOCAL CALL NUMBER (OCLC) | |
| -- | 11766 |
| -- | 11766 |
| 245 1# - TITLE STATEMENT | |
| Title | Constellations of violence: |
| Remainder of title | feminist interventions in South Asia/ |
| Statement of responsibility, etc | edited by Radhika Coomaraswamy and Nimanthi Perera-Rajasingham |
| 260 ## - PUBLICATION, DISTRIBUTION, ETC. (IMPRINT) | |
| Place of publication, distribution, etc | New Delhi |
| Name of publisher, distributor, etc | Women Unlimited |
| Date of publication, distribution, etc | 2008 |
| 270 ## - ADDRESS | |
| Address | K-36, Hauz Khas Enclave, Ground Floor, |
| City | New Delhi |
| Postal code | 110 016 |
| 300 ## - PHYSICAL DESCRIPTION | |
| Extent | xx, 260p. |
| Dimensions | 22cm (Hb ) |
| 700 1# - ADDED ENTRY--PERSONAL NAME | |
| Personal name | Coomaraswamy, Radhika |
| 700 1# - ADDED ENTRY--PERSONAL NAME | |
| Personal name | Perera-Rajasingham, Nimanthi |
| 942 ## - ADDED ENTRY ELEMENTS (KOHA) | |
| Institution code [OBSOLETE] | dpl |
| Koha item type | English Books |
| Call number prefix | 305.42/ CON |
| Withdrawn status | Lost status | Source of classification or shelving scheme | Damaged status | Not for loan | Collection code | Home library | Current library | Source of acquisition | Cost, normal purchase price | Total Checkouts | Full call number | Barcode | Date last seen | Copy number | Uniform Resource Identifier | Cost, replacement price | Price effective from | Koha item type |
|---|---|---|---|---|---|---|---|---|---|---|---|---|---|---|---|---|---|---|
| Dewey Decimal Classification | Not For Loan | Non-fiction | D.B.Act.Division | D.B.Act.Division | DBAD/PUB | 400.00 | 305.42 CON | EN-73353 | 15/09/2008 | 1 | 12539 | 400.00 | 15/09/2008 | English Books |
